LEADER 01780nam a2200373 u 4500 001 000000092573 003 CaOOAMICUS 005 20070226124943.0 008 060630s2006 sz u000 u fre u 020 $a3727815450 (Academic Press) 020 $a3525530137 (Vandenhoeck & Ruprecht) 035 $a11094567 040 $aPUL$bita 041 0 $afre$ager$aeng 100 1 $aHugo, Philippe.$0(OLS)http://pul/name/58983 245 14$aLes deux visages d'Elie :$btexte massorétique et Sentante dans l'histoire la plus ancienne du texte de 1 Rois 17-18 /$cPhilippe Hugo. 260 $aFribourg :$bAcademic Press ;$aGöttingen :$bVandenhoeck & Ruprecht Göttingen,$cc2006. 300 $axxii, 389 p. ;$c23 cm 490 1 $aOrbis biblicus et orientalis ;$v217 500 $aInclude indice. 504 $aBibliografia: p. [351]-378. 546 $aInclude abstract in francese, inglese e tedesco. 630 04$aBiblia.$0(OLS)http://pul/subject/2876 830 0$aOrbis biblicus et orientalis ;$v217.$0(OLS)http://pul/title/14045 850 $aPUL 852 $aPUL$W1$xSL Religione 3$y85$m220.05/COLL/1.217$j116423$nBK-PRI$qDDC 21$q $B116423$CPULBib$Z2$F116423 $H101772 $81 941 1 $a9 960 $aBibbia$92876 983 0$aOBO. 996 $6020$a3727815450 (Academic Press)$9(OLS)http://pul/number/121657 996 $6020$a3525530137 (Vandenhoeck & Ruprecht)$9(OLS)http://pul/number/121658 996 $6245$aLes deux visages d'Elie :$btexte massorétique et Sentante dans l'histoire la plus ancienne du texte de 1 Rois 17-18$9(OLS)http://pul/title/119456 996 $6260$aFribourg :$bAcademic Press$9(OLS)http://pul/publisher/75910 996 $6260$aGöttingen :$bVandenhoeck & Ruprecht Göttingen$9(OLS)http://pul/publisher/75848 LEADER 01449nam a2200361 i 4500 001 000000178308 003 CaOOAMICUS 005 20251217092301.0 007 tu 008 251217s2025 it f 000 u ita r 020 $a978-88-288-6912-2* 040 $aPUL$bita$erda 082 0 $a341 100 1 $aCarreau, Dominique,$d1939-,$eautore.$0(OLS)http://pul/name/41675 245 10$aDiritto internazionale /$cDominique Carreau, Fabrizio Marrella. 250 $a5. ed. interamente riveduta ed aggiornata 264 4$c©2025. 264 1$aMilano :$bLefebvre Giuffrè,$c[2025] 300 $aXXXVI, 984 pagine ;$c25 cm 336 $atesto$btxt$2rdacontent 337 $asenza mediazione$bn$2rdamedia 338 $avolume$bnc$2rdacarrier 650 4$aDiritto internazionale.$0(OLS)http://pul/subject/2505 700 1 $aMarrella, Fabrizio,$d1966-,$eautore.$0(OLS)http://pul/name/81283 850 $aPUL 852 $aPUL$W1$xSL Diritto e Scienze Sociali 3$y79$m341 CARDO 1$j202152$qDDC 21$B207410$CPULBib$Z2$F207410 $H138291 $82 941 1 $a9 996 $6020$a978-88-288-6912-2*$9(OLS)http://pul/number/170730 996 $6082$a341$9(OLS)http://pul/classification/387 996 $6245$aDiritto internazionale$9(OLS)http://pul/title/54313 996 $6264$aMilano :$bLefebvre Giuffrè$9(OLS)http://pul/publisher/87700 996 $6264$a[S.l.] :$b[s.n.]$9(OLS)http://pul/publisher/0